| 000 | 00736nam a22002292 4500 | ||
|---|---|---|---|
| 001 | 0000023483 | ||
| 005 | 20151021151147.0 | ||
| 008 | 130123s xx 000 0 eng d | ||
| 020 | _a9966777717 : | ||
| 040 |
_aKABU _cKABU |
||
| 100 | 1 |
_aOduor, Jacob. _@0000181344 |
|
| 245 | 1 | 0 |
_aEconomic policy and total factor productivity in Kenya / _cJacob Oduor, Dickson Khainga. |
| 250 | _a1st ed. | ||
| 260 |
_aNairobi : _bKIPPRA, _c2010. |
||
| 300 | _av, 34 p. | ||
| 651 | 0 |
_aKenya _xEconomic policy. _@0000150198 |
|
| 700 | 1 |
_aKhainga, Dickson. _@0000178100 |
|
| 908 | _a130123 | ||
| 950 | _@1 | ||
| 999 |
_c1347 _d1347 |
||